000 00457nam a2200157 i 4500
001 84247
003 ES-MaACL
005 20230906174959.0
007 t|
008 041122s1970 sp ||||1| spa d
100 1 _aIzquierdo Rubio, Joaquín.
_965745
245 1 0 _aNoticia en la cárcel /
_cJoaquín Izquierdo Rubio.
260 _a[S.l. :
_bs.n.,
_c1970] (
_eZaragoza :
_fEl Noticiero)
300 _a239 p. ;
_c17 cm.
852 _aES-MaACL
_jC-47687
_bR.73965
999 _c84247
_d84247